Estudio de pre factibilidad de la empresa Nica-Cola para la elaboración y comercialización de bebidas gaseosas en el municipio de Mangua, departamento de Mangua, durante el periodo 2021-2025
El presente estudio es acerca de la creación y comercialización de una bebida gaseosa, estará inspirada en sabores, frutas y colores de Nicaragua. Dicha idea nace con el fin de promover una bebida creada en Nicaragua que compita y logre un rápido posicionamiento en el mercado nacional, teniendo...
| Main Authors: | , |
|---|---|
| Other Authors: | |
| Format: | Tesis Section = Libro |
| Language: | Undetermined Spanish |
| Published: |
Managua
UNI
2021
|
| Subjects: |
| LEADER | 01567nam a2200289Ia 4500 | ||
|---|---|---|---|
| 008 | 240830s9999 xx 000 0 und d | ||
| 040 | |a BIBLIOTECA-RUPAP/ Mon 658.11 R621 | ||
| 041 | |a spa | ||
| 082 | |a Mon 658.11 R621 | ||
| 100 | 1 | |a Rivera Herrera, Ricardo José | |
| 100 | 1 | |b Téllez Vargas, Steven Gabriel | |
| 245 | 1 | 0 | |a Estudio de pre factibilidad de la empresa Nica-Cola para la elaboración y comercialización de bebidas gaseosas en el municipio de Mangua, departamento de Mangua, durante el periodo 2021-2025 |
| 260 | |a Managua |b UNI |c 2021 | ||
| 300 | |a 173 p. :il. | ||
| 500 | |a Contiene: anexos y CD. | ||
| 502 | |a Tesis (Ingeniero Industrial) - UNI, 2021. | ||
| 520 | 3 | |a El presente estudio es acerca de la creación y comercialización de una bebida gaseosa, estará inspirada en sabores, frutas y colores de Nicaragua. Dicha idea nace con el fin de promover una bebida creada en Nicaragua que compita y logre un rápido posicionamiento en el mercado nacional, teniendo como visión entrar en el mercado internacional de bebidas gaseosas; para esto se establecerán estrategias de promoción, distribución, precios y publicidad, así como también se determinaran la marca, etiqueta y su empaque | |
| 650 | 7 | |a EMPRESAS-PROYECTOS | |
| 650 | 7 | |b ESTUDIOS DE FACTIBILIDAD | |
| 650 | 7 | |c ESTUDIO DE MERCADO | |
| 650 | 7 | |d ESTUDIO FINANCIERO | |
| 650 | 7 | |e BEBIDAS GASEOSAS-INDUSTRIA Y COMERCIO | |
| 650 | 7 | |f NUEVAS EMPRESAS | |
| 700 | 1 | |a Tutor: |b Chavarría González, Denis Róger | |
| 942 | |c BK |2 ddc | ||
| 991 | |a TESIS | ||
| 999 | |c 19105 | ||